=LDR 00000nam 2200000 4500 =001 INLIS000000000023087 =005 20140407114534.0 =006 =007 =008 Ind =035 ##$$a 0010-061300000023087 =041 ##$$a Ind =082 ##$$a 410.07 =090 ##$$a 410.07, Lut b =100 ##$$a Luthfy, Teny =245 ##$$a Bahasa inggris untuk kelas 1 SLTP, Teny Luthfy, BA, Drs. Abdul Rojak =260 ##$$a 1997 $b Klaten =300 ##$$a v, 151 hlm, ilus, 28 cm =650 ##$$a Bahasa Inggris =850 ##$$a NBPNMAT